| 000 | 00480nam a2200181 a 4500 | ||
|---|---|---|---|
| 005 | 20250116063829.0 | ||
| 008 | 991125s1970 ea 000 0 eng u | ||
| 035 | _aUPN01000014448 | ||
| 049 | _aCG | ||
| 050 | 4 |
_aLB41 _bI4.3 |
|
| 100 | 1 |
_aIllich, Ivan, _d1926-2002 _928560 |
|
| 245 | 1 | 0 |
_aDeschooling society / _cIvan Illich. |
| 260 |
_aNew York : _bHarper & Row, _c1970. |
||
| 300 | _a116 p. | ||
| 440 | 0 |
_aWord perspectives ; _v44 |
|
| 650 | 4 |
_aEducación _9682 |
|
| 905 | _aLibro | ||
| 999 |
_c14448 _d14448 |
||